[Event "Shelest Memorial op"]
[Site "Mykolaiv"]
[Date "2023.05.06"]
[Round "6"]
[White "Starozhilov, Leonid"]
[Black "Troshchenko, Pavel"]
[Result "1-0"]
[WhiteElo "2293"]
[BlackElo "2046"]
[PlyCount "77"]
[EventDate "2023.05.03"]
[EventType "swiss"]
[EventRounds "9"]
[EventCountry "UKR"]
[SourceTitle "CBM 214 Extra"]
[Source "ChessBase"]
[SourceDate "2023.07.31"]
[SourceVersion "1"]
[SourceVersionDate "2023.07.31"]
[SourceQuality "1"]

1. c4 e5 2. Nc3 Nf6 3. e3 g6 4. Nf3 d6 5. d4 Nbd7 6. g3 Bg7 7. Bg2 0-0 8. 0-0 a5 9. b3 Re8 10. Ba3 exd4 11. Nxd4 Ne5 12. h3 Bd7 13. Rc1 Qc8 14. Kh2 Nc6 15. Nde2 Nb4 16. Nf4 Bc6 17. Nfd5 Bxd5 18. cxd5 Nd7 19. Qd2 Nc5 20. Na4 Nxa4 21. bxa4 Qd7 22. Bxb4 axb4 23. Qxb4 b6 24. Rc6 Ra5 25. Rfc1 Rc5 26. R1xc5 dxc5 27. Qg4 Qxg4 28. hxg4 Be5 29. f4 Bd6 30. e4 f6 31. g5 fxg5 32. e5 gxf4 33. exd6 fxg3+ 34. Kxg3 cxd6 35. Rxd6 Ra8 36. Rxb6 Rxa4 37. d6 Rd4 38. Bh3 Kf7 39. d7 1-0

[Event "Shelest Memorial op"]
[Site "Mykolaiv"]
[Date "2023.05.06"]
[Round "7"]
[White "Troshchenko, Pavel"]
[Black "Korman, Nikita"]
[Result "0-1"]
[WhiteElo "2046"]
[BlackElo "1530"]
[PlyCount "76"]
[EventDate "2023.05.03"]
[EventType "swiss"]
[EventRounds "9"]
[EventCountry "UKR"]
[SourceTitle "CBM 214 Extra"]
[Source "ChessBase"]
[SourceDate "2023.07.31"]
[SourceVersion "1"]
[SourceVersionDate "2023.07.31"]
[SourceQuality "1"]

1. e4 c5 2. Nf3 Nc6 3. d4 cxd4 4. Nxd4 g6 5. Nc3 Bg7 6. Be3 Nf6 7. Bc4 0-0 8. Bb3 d6 9. f3 Na5 10. 0-0 Nxb3 11. axb3 a6 12. b4 Bd7 13. Qe2 Ne8 14. b5 Nc7 15. bxa6 bxa6 16. Nd5 Rb8 17. c4 Ne6 18. Qd2 Nxd4 19. Bxd4 e6 20. Ne3 Bxd4 21. Qxd4 Qb6 22. Rfd1 Bc8 23. Qxb6 Rxb6 24. Rd2 f5 25. exf5 gxf5 26. f4 Bb7 27. Rad1 Rb3 28. Kf2 e5 29. g3 exf4 30. gxf4 Re8 31. Nxf5 Rf3+ 32. Kg1 Rxf4 33. Nxd6 Rg4+ 34. Kf1 Rf8+ 35. Rf2 Rxf2+ 36. Kxf2 Rg2+ 37. Ke3 Rxb2 38. Nxb7 Rxb7 0-1

[Event "Shelest Memorial op"]
[Site "Mykolaiv"]
[Date "2023.05.05"]
[Round "5"]
[White "Troshchenko, Pavel"]
[Black "Sakun, Volodymyr"]
[Result "1/2-1/2"]
[WhiteElo "2046"]
[BlackElo "2340"]
[PlyCount "34"]
[EventDate "2023.05.03"]
[EventType "swiss"]
[EventRounds "9"]
[EventCountry "UKR"]
[SourceTitle "CBM 214 Extra"]
[Source "ChessBase"]
[SourceDate "2023.07.31"]
[SourceVersion "1"]
[SourceVersionDate "2023.07.31"]
[SourceQuality "1"]

1. e4 e5 2. Nf3 Nc6 3. Bb5 Nge7 4. c3 d5 5. Nxe5 dxe4 6. d4 exd3 7. Qf3 Be6 8. Bg5 Qd6 9. Nxc6 Nxc6 10. 0-0 Qd5 11. Qxd5 Bxd5 12. Re1+ Be6 13. Bxd3 Be7 14. Bxe7 Nxe7 15. Na3 0-0-0 16. Bc4 Bxc4 17. Nxc4 Nc6 1/2-1/2

[Event "Shelest Memorial op"]
[Site "Mykolaiv"]
[Date "2023.05.04"]
[Round "3"]
[White "Sidorika, Vladislav"]
[Black "Troshchenko, Pavel"]
[Result "0-1"]
[WhiteElo "2278"]
[BlackElo "2046"]
[PlyCount "92"]
[EventDate "2023.05.03"]
[EventType "swiss"]
[EventRounds "9"]
[EventCountry "UKR"]
[SourceTitle "CBM 214 Extra"]
[Source "ChessBase"]
[SourceDate "2023.07.31"]
[SourceVersion "1"]
[SourceVersionDate "2023.07.31"]
[SourceQuality "1"]

1. c4 Nf6 2. d4 g6 3. h4 c5 4. d5 b5 5. cxb5 a6 6. f3 Bg7 7. e4 d6 8. a4 0-0 9. Na3 e6 10. dxe6 Bxe6 11. Ne2 d5 12. Nf4 Qe7 13. Be2 dxe4 14. Nxe6 fxe6 15. Qb3 Qd6 16. Rh3 Nbd7 17. Bg5 Qd4 18. Be3 Qb4+ 19. Qxb4 cxb4 20. Nc2 Nd5 21. fxe4 Nxe3 22. Rxe3 Bxb2 23. Rd1 Nc5 24. Nxb4 Nxa4 25. Na2 axb5 26. Bxb5 Bf6 27. g3 Nb2 28. Bd7 Nxd1 29. Bxe6+ Kg7 30. Kxd1 Be5 31. Ke2 Rab8 32. Bb3 Bd4 33. Rd3 Rf2+ 34. Ke1 Rxb3 35. Rxb3 Rxa2 36. Rd3 Be5 37. Kf1 h5 38. Kg1 Kf6 39. Kf1 Rb2 40. Rf3+ Ke6 41. Ra3 Bd6 42. Rd3 Bb8 43. Ra3 Ke5 44. Ra6 Bd6 45. Ra5+ Kxe4 46. Rg5 Kf3 0-1

[Event "Kiev Spring op"]
[Site "Kiev"]
[Date "2021.07.15"]
[Round "7"]
[White "Troshchenko, Pavel"]
[Black "Ghevondyan, Arman"]
[Result "1/2-1/2"]
[WhiteElo "2071"]
[BlackElo "1824"]
[PlyCount "120"]
[EventDate "2021.07.10"]
[EventType "swiss"]
[EventRounds "9"]
[EventCountry "UKR"]
[SourceTitle "EXT 2024"]
[Source "ChessBase"]
[SourceDate "2023.10.10"]
[SourceVersion "1"]
[SourceVersionDate "2023.10.10"]
[SourceQuality "1"]

1. g3 d5 2. Nf3 Nf6 3. Bg2 g6 4. 0-0 Bg7 5. c3 0-0 6. d3 c5 7. d4 Ne4 8. Be3 Qb6 9. Qc1 cxd4 10. Nxd4 Qa6 11. c4 Bxd4 12. Bxd4 Nc6 13. Be3 Be6 14. cxd5 Bxd5 15. Rd1 Qa5 16. Nd2 Nf6 17. Nc4 Bxc4 18. Qxc4 Rac8 19. Rac1 Rfd8 20. Rxd8+ Rxd8 21. h3 Nd5 22. Bh6 Nb6 23. Qc3 Qxc3 24. Rxc3 Nd5 25. Rc1 f6 26. Rd1 Ndb4 27. Rxd8+ Nxd8 28. Be3 Nbc6 29. Kf1 Kf7 30. Bd5+ e6 31. Bc4 Ke7 32. a3 Nf7 33. f4 Nd6 34. Ba2 h5 35. g4 hxg4 36. hxg4 f5 37. gxf5 gxf5 38. Kf2 b6 39. Kf3 Ne4 40. Bb1 Nf6 41. Bf2 Kd6 42. Bh4 Nd5 43. Bg5 Nd4+ 44. Kf2 Nb3 45. Ke1 Ne3 46. Ba2 Nc5 47. Bb1 Nb3 48. Bh6 Nd5 49. e4 fxe4 50. Bxe4 Nc5 51. Bf8+ Kc6 52. Bxc5 Kxc5 53. f5 exf5 54. Bxf5 Ne3 55. Bd3 Nc4 56. Bxc4 Kxc4 57. Kd2 Kb3 58. Kc1 a6 59. Kb1 a5 60. Ka1 Kc2 1/2-1/2

[Event "Kiev Spring op"]
[Site "Kiev"]
[Date "2021.07.13"]
[Round "5"]
[White "Troshchenko, Pavel"]
[Black "Trushko, Andrii"]
[Result "1-0"]
[WhiteElo "2071"]
[BlackElo "1848"]
[PlyCount "143"]
[EventDate "2021.07.10"]
[EventType "swiss"]
[EventRounds "9"]
[EventCountry "UKR"]
[SourceTitle "EXT 2024"]
[Source "ChessBase"]
[SourceDate "2023.10.10"]
[SourceVersion "1"]
[SourceVersionDate "2023.10.10"]
[SourceQuality "1"]

1. e4 c6 2. d4 d5 3. Nc3 dxe4 4. Nxe4 h5 5. c3 Bf5 6. Ng3 Bg6 7. h4 e6 8. Be2 Nf6 9. Nh3 Bd6 10. Nf4 Bxf4 11. Bxf4 Qb6 12. Qb3 Nbd7 13. 0-0 0-0 14. Rfe1 Rfe8 15. Be5 Rad8 16. Bf3 Qxb3 17. axb3 a6 18. b4 Ng4 19. Bc7 Rc8 20. Bf4 f5 21. Re2 Bf7 22. Rae1 Ngf6 23. Bg5 g6 24. Bxf6 Nxf6 25. Nf1 Nd7 26. Nd2 Nb6 27. g3 Rc7 28. Bg2 Ra8 29. Ra1 Re7 30. f4 Ree8 31. Ree1 Ra7 32. Bf3 Rea8 33. Ra5 Kf8 34. Bd1 Nd7 35. Bb3 b6 36. Ra3 c5 37. bxc5 bxc5 38. Nf3 cxd4 39. Nxd4 Nc5 40. Bc2 Re7 41. b4 Nd7 42. Bd3 Nb6 43. Kf2 Kg7 44. Nc6 Rc7 45. Nd4 Kf6 46. Ke2 Nd5 47. Kd2 Rac8 48. Ne2 Kg7 49. Rea1 Be8 50. Bxa6 Rd8 51. Bd3 Rc6 52. Ra8 Rcd6 53. Rxd8 Rxd8 54. Nd4 Kf6 55. Ra6 Bf7 56. Ra5 Be8 57. b5 Ke7 58. Ra6 Rd6 59. Rxd6 Kxd6 60. c4 Nb6 61. Kc3 e5 62. fxe5+ Kxe5 63. Nf3+ Kd6 64. Kb4 Nd7 65. Bc2 Bf7 66. Nd2 Nc5 67. Nb3 Ne4 68. Bxe4 fxe4 69. Kc3 e3 70. c5+ Ke5 71. b6 Bd5 72. Kd3 1-0

[Event "Kiev Spring op"]
[Site "Kiev"]
[Date "2021.07.12"]
[Round "3"]
[White "Troshchenko, Pavel"]
[Black "Mischuk, Dmitry"]
[Result "0-1"]
[WhiteElo "2071"]
[BlackElo "2355"]
[PlyCount "62"]
[EventDate "2021.07.10"]
[EventType "swiss"]
[EventRounds "9"]
[EventCountry "UKR"]
[SourceTitle "CBM 203 Extra"]
[Source "ChessBase"]
[SourceDate "2021.09.30"]
[SourceVersion "1"]
[SourceVersionDate "2021.09.30"]
[SourceQuality "1"]

1. e4 c5 2. Nf3 d6 3. Bb5+ Nd7 4. c3 Ngf6 5. Qe2 a6 6. Ba4 e5 7. 0-0 Be7 8. Bc2 0-0 9. a4 b6 10. d3 Bb7 11. Rd1 Re8 12. Nbd2 Bf8 13. Nf1 d5 14. Ng3 g6 15. h4 Qc7 16. h5 b5 17. hxg6 hxg6 18. axb5 axb5 19. Rxa8 Rxa8 20. exd5 Nxd5 21. Ne4 Bg7 22. Nfg5 Qc6 23. Bb3 f6 24. c4 bxc4 25. dxc4 Ne7 26. Rd6 Qc8 27. Ne6 Nf5 28. Qg4 Bxe4 29. Qxg6 Nf8 30. Qg4 Nxe6 31. Qxe4 Nxd6 0-1

[Event "Yuzhny op"]
[Site "Yuzhny"]
[Date "2011.09.05"]
[Round "5"]
[White "Afanasjev, Anatoly"]
[Black "Troshchenko, Pavel"]
[Result "0-1"]
[WhiteElo "2045"]
[BlackElo "2200"]
[PlyCount "56"]
[EventDate "2011.09.03"]
[EventType "swiss"]
[EventRounds "9"]
[EventCountry "UKR"]
[SourceTitle "CBM 144 Extra"]
[Source "ChessBase"]
[SourceDate "2011.10.28"]
[SourceVersion "1"]
[SourceVersionDate "2011.10.28"]
[SourceQuality "1"]

1. d4 Nf6 2. c4 g6 3. Nc3 d5 4. cxd5 Nxd5 5. e4 Nxc3 6. bxc3 Bg7 7. Bc4 0-0 8. Ne2 c5 9. Be3 Nc6 10. 0-0 Bg4 11. f3 cxd4 12. cxd4 Na5 13. Bxf7+ Rxf7 14. fxg4 Rxf1+ 15. Kxf1 Qd7 16. h3 Qe6 17. Qd3 Nc4 18. Bf4 b5 19. Rc1 a6 20. g5 Rd8 21. Rc2 Qb6 22. Qb3 Bxd4 23. Nc3 e6 24. Ke2 Bg1 25. Nd1 Qd4 26. Rc3 Qxe4+ 27. Be3 Bxe3 28. Nxe3 Rd2+ 0-1

[Event "Yuzhny op"]
[Site "Yuzhny"]
[Date "2011.09.04"]
[Round "3"]
[White "Bogdanovich, Stanislav"]
[Black "Troshchenko, Pavel"]
[Result "1-0"]
[WhiteElo "2520"]
[BlackElo "2200"]
[PlyCount "71"]
[EventDate "2011.09.03"]
[EventType "swiss"]
[EventRounds "9"]
[EventCountry "UKR"]
[SourceTitle "CBM 144 Extra"]
[Source "ChessBase"]
[SourceDate "2011.10.28"]
[SourceVersion "1"]
[SourceVersionDate "2011.10.28"]
[SourceQuality "1"]

1. e4 e5 2. Nf3 Nc6 3. Bb5 a6 4. Ba4 Nf6 5. 0-0 Nxe4 6. d4 b5 7. Bb3 d5 8. dxe5 Be6 9. c3 Be7 10. Nbd2 0-0 11. Bc2 Nxd2 12. Bxd2 f6 13. Qe2 fxe5 14. Nxe5 Nxe5 15. Qxe5 Bf7 16. Qf5 Bg6 17. Qe6+ Bf7 18. Qh3 g6 19. f4 Bc5+ 20. Kh1 Qf6 21. f5 Be6 22. g4 gxf5 23. gxf5 Bd7 24. b4 Bd6 25. Bg5 Qf7 26. Bh6 Kh8 27. Bxf8 Rxf8 28. Rad1 Qf6 29. Rd4 Bc6 30. Rg1 Be5 31. Rg6 Bxd4 32. Rxf6 Bxf6 33. Kg1 d4 34. Qh6 Rg8+ 35. Kf2 Rg2+ 36. Kf1 1-0

[Event "Yuzhny op"]
[Site "Yuzhny"]
[Date "2011.09.03"]
[Round "1"]
[White "Svoboda, Indrzhikh"]
[Black "Troshchenko, Pavel"]
[Result "0-1"]
[WhiteElo "1800"]
[BlackElo "2200"]
[PlyCount "88"]
[EventDate "2011.09.03"]
[EventType "swiss"]
[EventRounds "9"]
[EventCountry "UKR"]
[SourceTitle "CBM 144 Extra"]
[Source "ChessBase"]
[SourceDate "2011.10.28"]
[SourceVersion "1"]
[SourceVersionDate "2011.10.28"]
[SourceQuality "1"]

1. e4 c5 2. Nc3 Nc6 3. Nf3 g6 4. d4 cxd4 5. Nxd4 Bg7 6. Nxc6 bxc6 7. Qf3 Nf6 8. Bc4 0-0 9. 0-0 Qb6 10. Bb3 d6 11. h3 Nd7 12. Na4 Qc7 13. Qe3 c5 14. Nc3 Ne5 15. Nd5 Qb7 16. Qg5 Nc6 17. Ba4 f6 18. Bxc6 fxg5 19. Bxb7 Bxb7 20. Nxe7+ Kf7 21. Nd5 Rae8 22. f3 Bxd5 23. exd5 Re2 24. c3 Rfe8 25. Bxg5 Rxb2 26. Rab1 Bxc3 27. Rxb2 Bxb2 28. Rb1 Re2 29. Kf1 Rc2 30. Bh4 c4 31. Re1 Bf6 32. Bxf6 Kxf6 33. Re6+ Kf5 34. Rxd6 Ke5 35. Ra6 Kxd5 36. Rxa7 Rb2 37. a4 c3 38. Rc7 Kd4 39. Rxh7 c2 40. Rc7 Rb1+ 41. Kf2 c1Q 42. Rxc1 Rxc1 43. Kg3 Ke5 44. Kg4 Kf6 0-1

[Event "Yuzhny op"]
[Site "Yuzhny"]
[Date "2010.09.08"]
[Round "3"]
[White "Pavlov, Sergey1111"]
[Black "Troshchenko, Pavel"]
[Result "1/2-1/2"]
[WhiteElo "2524"]
[BlackElo "2212"]
[PlyCount "115"]
[EventDate "2010.09.07"]
[EventType "swiss"]
[EventRounds "9"]
[EventCountry "UKR"]
[SourceTitle "CBM 138 Extra"]
[Source "ChessBase"]
[SourceDate "2010.10.29"]
[SourceVersion "1"]
[SourceVersionDate "2010.10.29"]
[SourceQuality "1"]

1. e4 e5 2. Nf3 Nc6 3. Bb5 a6 4. Ba4 Nf6 5. d3 b5 6. Bb3 Be7 7. a4 Bb7 8. Nc3 b4 9. Nd5 Nxd5 10. Bxd5 d6 11. a5 Rb8 12. c3 0-0 13. Qa4 Na7 14. 0-0 c5 15. Bd2 Bxd5 16. exd5 bxc3 17. bxc3 Rb2 18. Rab1 Qb8 19. Qa1 Rxb1 20. Rxb1 Qa8 21. Rb6 Nc8 22. Rc6 Qb7 23. Be3 Bd8 24. d4 cxd4 25. cxd4 e4 26. Nd2 Ne7 27. Rc3 Nxd5 28. Rb3 Qe7 29. Nc4 f5 30. Nb6 Nxe3 31. Rxe3 f4 32. Re1 Qe6 33. d5 Qg6 34. Qd4 Re8 35. f3 exf3 36. Rxe8+ Qxe8 37. gxf3 Qe1+ 38. Kg2 Qe2+ 39. Qf2 Qxf2+ 40. Kxf2 Kf7 41. Ke2 Kf6 42. Nc4 Be7 43. Kd3 Kf5 44. Kd4 g5 45. h3 h5 46. Kd3 g4 47. hxg4+ hxg4 48. Ke2 g3 49. Kf1 Bf6 50. Kg2 Bc3 51. Kh3 Bb4 52. Kg2 Bxa5 53. Nxd6+ Kf6 54. Ne4+ Ke5 55. Nc5 Kxd5 56. Nxa6 Kd6 57. Kf1 Bc3 58. Kg2 1/2-1/2

[Event "Yuzhny op"]
[Site "Yuzhny"]
[Date "2010.09.08"]
[Round "2"]
[White "Troshchenko, Pavel"]
[Black "Kislinsky, Alexey"]
[Result "1/2-1/2"]
[WhiteElo "2212"]
[BlackElo "2488"]
[PlyCount "132"]
[EventDate "2010.09.07"]
[EventType "swiss"]
[EventRounds "9"]
[EventCountry "UKR"]
[SourceTitle "CBM 138 Extra"]
[Source "ChessBase"]
[SourceDate "2010.10.29"]
[SourceVersion "1"]
[SourceVersionDate "2010.10.29"]
[SourceQuality "1"]

1. g3 e5 2. c4 h5 3. d4 exd4 4. Nf3 Bb4+ 5. Nbd2 c5 6. a3 Ba5 7. b4 cxb4 8. Nb3 bxa3+ 9. Nxa5 Qxa5+ 10. Bd2 Qc5 11. Qb3 Nc6 12. Rxa3 Nf6 13. Bg2 d6 14. 0-0 0-0 15. e3 h4 16. exd4 Qh5 17. Nxh4 Nxd4 18. Qd3 Nf5 19. Nxf5 Bxf5 20. Qxd6 Be4 21. Ra5 Qe2 22. Re1 Qxc4 23. Rg5 Bg6 24. Bxb7 Rad8 25. Qf4 Rd4 26. Qe3 Re8 27. Qc3 Rxe1+ 28. Bxe1 Qxc3 29. Bxc3 Rd1+ 30. Kg2 Be4+ 31. f3 Bxb7 32. Bxf6 Rd2+ 33. Kh3 Rd6 34. Bxg7 Kh7 35. Bf8 Rd8 36. Rg7+ Kh8 37. Rxf7 Bc8+ 38. g4 Kg8 39. Rxa7 Kxf8 40. Kg3 Rd3 41. Kf4 Rb3 42. Ra8 Rc3 43. h4 Ke7 44. Ra7+ Kf6 45. h5 Rc4+ 46. Kg3 Kg5 47. Ra5+ Kh6 48. Rd5 Rc1 49. Rd6+ Kh7 50. Kh4 Rc4 51. Kg3 Rc1 52. g5 Rc5 53. f4 Rc3+ 54. Kg2 Bh3+ 55. Kh2 Bg4 56. h6 Rf3 57. Rf6 Bh5 58. Kg2 Ra3 59. Re6 Bg6 60. Re7+ Kh8 61. Rg7 Be4+ 62. Kh2 Rf3 63. Rf7 Kg8 64. Rf6 Kh7 65. Kg1 Kg8 66. Kh2 Kh7 1/2-1/2

[Event "UKR-ch"]
[Site "Alushta"]
[Date "2010.05.10"]
[Round "8"]
[White "Lysak, Igor"]
[Black "Troshchenko, Pavel"]
[Result "1/2-1/2"]
[WhiteElo "2337"]
[BlackElo "2199"]
[PlyCount "36"]
[EventDate "2010.05.03"]
[EventType "swiss"]
[EventRounds "9"]
[EventCountry "UKR"]
[SourceTitle "CBM 136 Extra"]
[Source "ChessBase"]
[SourceDate "2010.07.02"]
[SourceVersion "2"]
[SourceVersionDate "2010.07.15"]
[SourceQuality "1"]

1. e4 e5 2. Nf3 Nc6 3. Bb5 a6 4. Ba4 Nf6 5. 0-0 Nxe4 6. d4 b5 7. Bb3 d5 8. dxe5 Be6 9. c3 Be7 10. Nbd2 0-0 11. Qe2 Nc5 12. Bc2 d4 13. cxd4 Nxd4 14. Nxd4 Qxd4 15. Nf3 Qc4 16. Qxc4 Bxc4 17. Rd1 Rfd8 18. Be3 h6 1/2-1/2

[Event "UKR-ch"]
[Site "Alushta"]
[Date "2010.05.08"]
[Round "6"]
[White "Bortnyk, Olexandr"]
[Black "Troshchenko, Pavel"]
[Result "1-0"]
[WhiteElo "2339"]
[BlackElo "2199"]
[PlyCount "81"]
[EventDate "2010.05.03"]
[EventType "swiss"]
[EventRounds "9"]
[EventCountry "UKR"]
[SourceTitle "CBM 136 Extra"]
[Source "ChessBase"]
[SourceDate "2010.07.02"]
[SourceVersion "2"]
[SourceVersionDate "2010.07.15"]
[SourceQuality "1"]

1. e4 e5 2. Nf3 Nc6 3. Bb5 a6 4. Ba4 Nf6 5. d4 exd4 6. 0-0 Be7 7. e5 Ne4 8. Nxd4 Nc5 9. Nf5 0-0 10. Qg4 g6 11. Nh6+ Kh8 12. Bxc6 dxc6 13. Qg3 f6 14. exf6 Bd6 15. Qe3 Qxf6 16. Bd2 Na4 17. b3 Bf4 18. Qxf4 Qxf4 19. Bxf4 Rxf4 20. g3 Rf8 21. bxa4 Kg7 22. Re1 Kxh6 23. Re7 Bh3 24. Nc3 Rad8 25. Rae1 Rd2 26. Ne4 Rd7 27. Rxd7 Bxd7 28. Nc5 Bf5 29. Re7 Bxc2 30. Ne6 Rf3 31. h4 g5 32. Nxg5 Ra3 33. Rxc7 Rxa4 34. Rxb7 a5 35. Rc7 Rc4 36. Nf7+ Kh5 37. Ne5 Ra4 38. Rxc6 Rxa2 39. f3 a4 40. Ng4 Bg6 41. Rc5+ 1-0

[Event "UKR-ch"]
[Site "Alushta"]
[Date "2010.05.06"]
[Round "4"]
[White "Truskavetsky, Alexandr"]
[Black "Troshchenko, Pavel"]
[Result "1-0"]
[WhiteElo "2386"]
[BlackElo "2199"]
[PlyCount "77"]
[EventDate "2010.05.03"]
[EventType "swiss"]
[EventRounds "9"]
[EventCountry "UKR"]
[SourceTitle "CBM 136 Extra"]
[Source "ChessBase"]
[SourceDate "2010.07.02"]
[SourceVersion "2"]
[SourceVersionDate "2010.07.15"]
[SourceQuality "1"]

1. d4 Nf6 2. Bg5 c5 3. d5 Qb6 4. Nc3 Qxb2 5. Bd2 Qb6 6. e4 d6 7. f4 e6 8. Rb1 Qc7 9. Bb5+ Bd7 10. Nf3 exd5 11. e5 dxe5 12. fxe5 Ne4 13. Nxd5 Qd8 14. Bxd7+ Qxd7 15. Bf4 Na6 16. Qd3 0-0-0 17. c4 f5 18. 0-0 Be7 19. Qb3 Nb4 20. e6 Qxe6 21. a3 g5 22. Be5 Rhe8 23. axb4 g4 24. bxc5 Nxc5 25. Nxe7+ Qxe7 26. Qc2 gxf3 27. Qxf5+ Rd7 28. Bg3 Rf8 29. Qh5 Ne4 30. Rxf3 Rg8 31. Bf4 Nd2 32. Re3 Qf6 33. Qc5+ Kd8 34. Qxa7 Rxg2+ 35. Kxg2 Rg7+ 36. Bg3 Qc6+ 37. Kg1 Nxb1 38. Qb8+ Kd7 39. Qe8# 1-0

[Event "Stopkin Memorial 1st"]
[Site "Nikolaev"]
[Date "2009.11.25"]
[Round "5"]
[White "Muhtarov, Leonid"]
[Black "Troshchenko, Pavel"]
[Result "1-0"]
[WhiteElo "2165"]
[BlackElo "2220"]
[PlyCount "129"]
[EventDate "2009.11.22"]
[EventType "swiss"]
[EventRounds "9"]
[EventCountry "UKR"]
[SourceTitle "EXT 2023"]
[Source "ChessBase"]
[SourceDate "2022.10.05"]
[SourceVersion "1"]
[SourceVersionDate "2022.10.05"]
[SourceQuality "1"]

1. Nf3 Nf6 2. g3 g6 3. Bg2 Bg7 4. 0-0 0-0 5. c4 c6 6. d4 d5 7. cxd5 cxd5 8. Ne5 Nc6 9. Nxc6 bxc6 10. Nc3 e5 11. dxe5 Ng4 12. Bf4 Nxe5 13. Rc1 g5 14. Be3 Nc4 15. Bc5 Nxb2 16. Qc2 Nc4 17. Bxf8 Bxf8 18. Rfd1 Be6 19. e4 d4 20. Ne2 c5 21. Nc3 Nb6 22. e5 Rc8 23. Ne4 Nd5 24. Qe2 h6 25. Rd2 Bf5 26. Rdc2 Kg7 27. Qf3 Bg6 28. Rd2 Rc7 29. Nxc5 Nb6 30. Qf6+ Qxf6 31. exf6+ Kh7 32. Nb3 Rxc1+ 33. Nxc1 Ba3 34. Nb3 d3 35. Bf1 Nc4 36. Rxd3 Ne5 37. Rd8 Bb2 38. Ra8 Nf3+ 39. Kh1 Ne1 40. Rxa7 Be4+ 41. f3 Bxf3+ 42. Kg1 Bd5 43. Rd7 Be6 44. Bd3+ Nxd3 45. Rxd3 Bxf6 46. a4 Bc4 47. Rf3 Bd8 48. Rc3 Bb6+ 49. Kg2 Bd5+ 50. Kf1 Kg6 51. a5 Bd8 52. Nd4 Bb7 53. Nc6 Bf6 54. Rc5 Kh5 55. Ne5 Be7 56. Rc7 Ba6+ 57. Kg1 Bb4 58. g4+ Kh4 59. Rc6 f6 60. Ng6+ Kxg4 61. Rxa6 Bc3 62. Kg2 f5 63. h3+ Kh5 64. Ne7 Bb4 65. Nxf5 1-0

[Event "Stopkin Memorial 1st"]
[Site "Nikolaev"]
[Date "2009.11.24"]
[Round "4"]
[White "Troshchenko, Pavel"]
[Black "Mukataev, Yriy"]
[Result "1/2-1/2"]
[WhiteElo "2220"]
[BlackElo "2087"]
[PlyCount "100"]
[EventDate "2009.11.22"]
[EventType "swiss"]
[EventRounds "9"]
[EventCountry "UKR"]
[SourceTitle "EXT 2023"]
[Source "ChessBase"]
[SourceDate "2022.10.05"]
[SourceVersion "1"]
[SourceVersionDate "2022.10.05"]
[SourceQuality "1"]

1. e4 e6 2. d4 d5 3. Nd2 c5 4. exd5 exd5 5. Bb5+ Bd7 6. Qe2+ Qe7 7. Bxd7+ Nxd7 8. dxc5 Nxc5 9. Ndf3 0-0-0 10. Be3 Nf6 11. 0-0-0 Ng4 12. Bd4 Qxe2 13. Nxe2 Ne4 14. Rhf1 Bc5 15. Bxc5 Nxc5 16. h3 Nf6 17. Ned4 Rhe8 18. Rfe1 Nfe4 19. Re2 Ne6 20. g3 g6 21. Nxe6 Rxe6 22. Rd3 Rd7 23. Nd4 Rf6 24. f4 h5 25. Nb5 h4 26. Nxa7+ Kd8 27. gxh4 Rxf4 28. h5 Rf1+ 29. Rd1 Rxd1+ 30. Kxd1 gxh5 31. Rg2 Re7 32. Nb5 h4 33. Nd4 Ng3 34. Nf3 Re4 35. Nxh4 Rxh4 36. Rxg3 Ke7 37. Ke2 Ke6 38. Kf2 Re4 39. Rc3 Rd4 40. Kg3 Rd2 41. h4 d4 42. Rc7 d3 43. cxd3 Rxb2 44. h5 Rxa2 45. Rxb7 Ra3 46. Rb6+ Ke5 47. h6 Rxd3+ 48. Kh4 Rd1 49. Rb5+ Kf4 50. Rb4+ Kf5 1/2-1/2

[Event "Yuzhny op"]
[Site "Yuzhny"]
[Date "2009.09.12"]
[Round "7"]
[White "Troshchenko, Pavel"]
[Black "Iakymov, Volodymyr"]
[Result "0-1"]
[WhiteElo "2197"]
[BlackElo "2441"]
[PlyCount "80"]
[EventDate "2009.09.08"]
[EventType "swiss"]
[EventRounds "9"]
[EventCountry "UKR"]
[SourceTitle "CBM 132 Extra"]
[Source "ChessBase"]
[SourceDate "2009.11.03"]
[SourceVersion "1"]
[SourceVersionDate "2009.11.03"]
[SourceQuality "1"]

1. g3 e5 2. c4 Nc6 3. Bg2 g6 4. Nc3 Bg7 5. e3 d6 6. Nge2 Be6 7. Qa4 Qd7 8. Nd5 a6 9. Nec3 Ra7 10. 0-0 Nge7 11. d3 0-0 12. Bd2 Rb8 13. Qc2 b5 14. b3 Bh3 15. Rac1 Bxg2 16. Kxg2 b4 17. Nxe7+ Nxe7 18. Ne2 c5 19. d4 exd4 20. exd4 cxd4 21. Qd3 Nc6 22. Nf4 Re8 23. Rce1 Re5 24. Nd5 Rb7 25. f4 Rxe1 26. Rxe1 Rb8 27. Qe4 Kf8 28. h3 h5 29. Qf3 f5 30. g4 hxg4 31. hxg4 fxg4 32. Qe4 Qf7 33. Qe6 Qxe6 34. Rxe6 d3 35. Rxd6 Nd4 36. Nxb4 Re8 37. Nxd3 Re2+ 38. Kf1 Rxd2 39. Nb4 g3 40. Rxg6 Rf2+ 0-1

[Event "Yuzhny op"]
[Site "Yuzhny"]
[Date "2009.09.09"]
[Round "2"]
[White "Otchiyev, Arslan"]
[Black "Troshchenko, Pavel"]
[Result "1/2-1/2"]
[WhiteElo "2373"]
[BlackElo "2197"]
[PlyCount "63"]
[EventDate "2009.09.08"]
[EventType "swiss"]
[EventRounds "9"]
[EventCountry "UKR"]
[SourceTitle "CBM 132 Extra"]
[Source "ChessBase"]
[SourceDate "2009.11.03"]
[SourceVersion "1"]
[SourceVersionDate "2009.11.03"]
[SourceQuality "1"]

1. e4 c5 2. Nc3 Nc6 3. Nge2 g6 4. d4 cxd4 5. Nxd4 Bg7 6. Be3 Nf6 7. Bc4 Qa5 8. f3 Qb4 9. Bb3 Nxe4 10. Nxc6 Bxc3+ 11. bxc3 Qxc3+ 12. Ke2 dxc6 13. Bd4 e5 14. Be3 Qxb3 15. axb3 Nc3+ 16. Kd2 Nxd1 17. Rxa7 Rxa7 18. Bxa7 Bf5 19. Rxd1 Kd7 20. Bb6 Re8 21. g4 Be6 22. Ke3+ Ke7 23. g5 f6 24. gxf6+ Kxf6 25. Rd8 Rxd8 26. Bxd8+ Kf5 27. h4 b5 28. b4 Bd5 29. Be7 h6 30. c3 Ba2 31. Bf8 g5 32. hxg5 1/2-1/2

[Event "UKR-ch"]
[Site "Alushta"]
[Date "2009.05.17"]
[Round "7"]
[White "Troshchenko, Pavel"]
[Black "Piliposyan, Mikael"]
[Result "1-0"]
[WhiteElo "2178"]
[BlackElo "1988"]
[PlyCount "83"]
[EventDate "2009.05.11"]
[EventType "swiss"]
[EventRounds "9"]
[EventCountry "UKR"]
[SourceTitle "CBM 130 Extra"]
[Source "ChessBase"]
[SourceDate "2009.07.02"]
[SourceVersion "2"]
[SourceVersionDate "2009.07.15"]
[SourceQuality "1"]

1. e4 e5 2. Nf3 Nc6 3. Bb5 a6 4. Ba4 Nf6 5. d4 exd4 6. 0-0 Be7 7. Re1 b5 8. e5 Nxe5 9. Nxe5 bxa4 10. Qxd4 0-0 11. Bg5 h6 12. Bh4 Rb8 13. Nd2 Re8 14. Rad1 c5 15. Qd3 Qc7 16. Nec4 d5 17. Bg3 Qa7 18. Bxb8 Qxb8 19. Ne3 Be6 20. Qxa6 Qxb2 21. Qxa4 d4 22. Nec4 Qb7 23. Qb3 Qc7 24. Rb1 Bd6 25. h3 Rb8 26. Qxb8+ Qxb8 27. Rxb8+ Bxb8 28. Rb1 Bf4 29. a4 Nd5 30. Ne4 Bf5 31. Nxc5 Bxc2 32. Rb2 Bf5 33. a5 d3 34. a6 Nc7 35. a7 Kh7 36. Rb7 Na8 37. Rb8 Nc7 38. a8Q Nxa8 39. Rxa8 d2 40. Rd8 Bg5 41. Rd5 Be6 42. Nxe6 1-0